|
|
|
|
| LEADER |
01016nam a2200217 a 4500 |
| 001 |
4491014 |
| 008 |
091226s1998 nyu 000 0 eng d |
| 010 |
|
|
|a \\\97038923
|
| 020 |
|
|
|a 0393046435
|
| 040 |
|
|
|a DLC
|c DLC
|d DLC
|d BD-DhAAL
|
| 082 |
0 |
0 |
|a 305.48/9652
|2 21
|
| 100 |
1 |
|
|a Clements, Marcelle.
|
| 245 |
1 |
4 |
|a The improvised woman :
|b single women reinventing single life /
|c Marcelle Clements.
|
| 260 |
|
|
|a New York :
|b W.W. Norton,
|c c1998.
|
| 300 |
|
|
|a 351 p. ;
|c 24 cm.
|
| 541 |
1 |
|
|e 00008051
|
| 650 |
|
0 |
|a Single women
|z United States.
|
| 852 |
4 |
|
|a Ayesha Abed Library
|j General shelf
|
| 999 |
|
|
|c 6417
|d 6417
|
| 952 |
|
|
|0 0
|1 0
|2 ddc
|4 0
|6 305_489652000000000_CLE_1998
|7 0
|9 6483
|a BRACUL
|b BRACUL
|c GEN
|d 2009-12-26
|g 0.00
|l 0
|o 305.489652 CLE
|p 3010008051
|r 2009-12-26
|t 1
|w 2009-12-26
|y BK
|x No price found in the accession register.
|
| 952 |
|
|
|0 0
|1 0
|2 ddc
|4 0
|6 305_489652000000000_CLE_1998
|7 0
|9 6485
|a BRACUL
|b BRACUL
|c GEN
|d 2009-12-26
|g 0.00
|l 0
|o 305.489652 CLE
|p 3010008037
|r 2009-12-26
|t 2
|w 2009-12-26
|y BK
|x No price found in the accession register.
|